NBA Hall of Famers - Sudden Death - Statistics

General Stats
  • This quiz has been taken 11,963 times
  • The average score is 6 of 16
Answers on the Grid
Answers color-coded by a green-red scale on the quiz's grid according to % correct below.
Kareem Abdul-Jabbar
Sidney Moncrief
Muggsy Bogues
Peja Stojakovic
Chris Webber
Gilbert Arenas
Byron Scott
Robert Horry
Ray Allen
Calvin Murphy
Pepe Sanchez
Ralph Sampson
Andrei Kirilenko
Patrick Ewing
Dominique Wilkins
Arvydas Sabonis
Bill Bradley
Jamal Crawford
Dino Radja
Donyell Marshall
Vitaly Potapenko
Darko Milicic
Dave Cowens
Trevor Ariza
Jason Terry
Dikembe Mutombo
Leandro Barbosa
Tim Duncan
Nick Young
Mitch Richmond
Tracy McGrady
Shaun Livingston
 
Answer Stats
Answer % Correct
Kareem Abdul-Jabbar
98%
Tim Duncan
56%
Ray Allen
54%
Patrick Ewing
53%
Tracy McGrady
47%
Dominique Wilkins
45%
Dikembe Mutombo
44%
Sidney Moncrief
36%
Chris Webber
35%
Dave Cowens
26%
Arvydas Sabonis
19%
Mitch Richmond
16%
Ralph Sampson
16%
Bill Bradley
9%
Calvin Murphy
9%
Dino Radja
4%
No matching quizzes found
Score Distribution
Percent of People with Each Score
Percentile by Number Answered
Your Score History
You have not taken this quiz